Money, saving, and investment in English economics, 1800-1850. (Record no. 64373)
[ view plain ]
| 000 -LEADER | |
|---|---|
| fixed length control field | 00868cam6a220026500 4500 |
| 001 - CONTROL NUMBER | |
| control field | qce00414281 |
| 005 - DATE AND TIME OF LATEST TRANSACTION | |
| control field | 20190815102538.0 |
| 008 - FIXED-LENGTH DATA ELEMENTS--GENERAL INFORMATION | |
| fixed length control field | 750416s1962 nyu b 000 0 eng |
| 010 ## - LIBRARY OF CONGRESS CONTROL NUMBER | |
| LC control number | 62004213 /L |
| 035 ## - SYSTEM CONTROL NUMBER | |
| System control number | (Sirsi) r119642 |
| 035 ## - SYSTEM CONTROL NUMBER | |
| System control number | (QCAT)lss00800288 |
| 035 ## - SYSTEM CONTROL NUMBER | |
| System control number | (UPRA)qce00414281 |
| 040 ## - CATALOGING SOURCE | |
| Modifying agency | UPRA |
| 050 0# - LIBRARY OF CONGRESS CALL NUMBER | |
| Classification number | HG221 |
| Item number | .C7417 |
| 082 ## - DEWEY DECIMAL CLASSIFICATION NUMBER | |
| Classification number | 332.4 |
| 100 1# - MAIN ENTRY--PERSONAL NAME | |
| Personal name | Corry, B. Alexander. |
| Linkage | A85247.1 |
| 245 10 - TITLE STATEMENT | |
| Title | Money, saving, and investment in English economics, 1800-1850. |
| 260 ## - PUBLICATION, DISTRIBUTION, ETC. | |
| Place of publication, distribution, etc. | [New York] : |
| Name of publisher, distributor, etc. | St. Martin's Press, |
| Date of publication, distribution, etc. | 1962. |
| 500 ## - GENERAL NOTE | |
| General note | "Restatement of a thesis accepted by the University of London for the Ph. D. degree in 1958." |
| 504 ## - BIBLIOGRAPHY, ETC. NOTE | |
| Bibliography, etc. note | Includes bibliographical references. |
| 650 #0 - SUBJECT ADDED ENTRY--TOPICAL TERM | |
| Topical term or geographic name entry element | Money. |
| Linkage | S2678.1 |
| 650 #0 - SUBJECT ADDED ENTRY--TOPICAL TERM | |
| Topical term or geographic name entry element | Saving and investment. |
| Linkage | S2706.1 |
| 949 ## - LOCAL PROCESSING INFORMATION (OCLC) | |
| a | HG221 |
| w | lcc |
| i | -172281 |
| m | MAIN |
| t | BOOK |
| l | ON-SHELF |
No items available.